Routledge philosophy guidebook to Aristotle on ethics; (Record no. 131740)
[ view plain ]
| 000 -LEADER | |
|---|---|
| fixed length control field | 00462nam a22001457a 4500 |
| 008 - FIXED-LENGTH DATA ELEMENTS--GENERAL INFORMATION | |
| fixed length control field | 230413b |||||||| |||| 00| 0 eng d |
| 020 ## - INTERNATIONAL STANDARD BOOK NUMBER | |
| International Standard Book Number | 0415221862. |
| 050 ## - LIBRARY OF CONGRESS CALL NUMBER | |
| Classification number | B430.H84 2001 |
| 100 ## - MAIN ENTRY--PERSONAL NAME | |
| Personal name | Hughes, J. Gerard. |
| 9 (RLIN) | 52320 |
| 245 ## - TITLE STATEMENT | |
| Title | Routledge philosophy guidebook to Aristotle on ethics; |
| Statement of responsibility, etc | Gerard J. Hughes. |
| 260 ## - PUBLICATION, DISTRIBUTION, ETC. (IMPRINT) | |
| Place of publication, distribution, etc | London: |
| Name of publisher, distributor, etc | Routledge, |
| Date of publication, distribution, etc | 2001. |
| 300 ## - PHYSICAL DESCRIPTION | |
| Extent | x; |
| Other physical details | 238p, |
| Dimensions | 20cm. |
| 650 ## - SUBJECT ADDED ENTRY--TOPICAL TERM | |
| Topical term or geographic name as entry element | Aristotle. Nicomachaean ethics. |
| 9 (RLIN) | 52321 |
| 942 ## - ADDED ENTRY ELEMENTS (KOHA) | |
| Source of classification or shelving scheme | Library of Congress Classification |
| Item type | Monograph ( Printed materials) |
| Withdrawn status | Lost status | Source of classification or shelving scheme | Damaged status | Not for loan | Home library | Current library | Shelving location | Date acquired | Total Checkouts | Full call number | Barcode | Date last seen | Date last borrowed | Price effective from | Koha item type |
|---|---|---|---|---|---|---|---|---|---|---|---|---|---|---|---|
| Library of Congress Classification | ARRUPE COLLEGE BOOKSTORE | ARRUPE LIBRARY | Main Collection | 13/04/2023 | 1 | B430.H84 2001 | 46700000278 | 16/01/2025 | 16/01/2025 | 13/04/2023 | Monograph ( Printed materials) |